01112nam a2200229 a 450000100100000000500170001000800410002702000150006804000250008308200200010810000480012824501810017626000580035730000330041558600400044850000780048850400560056660000460062265100760066895201230074499900150086700000564820200929151730.0970227s1996 ck b b 000 0dspa  a9586122581 aDO-SdBNPbspacBNPHU a320.9861bV732v1 aVillegas Botero, Luis Javier,d1941-91597814aLas vías de legitimación de un poder :bla administración presidida por Pedro Justo Berrío en el Estado Soberano de Antioquia, 1864-1873 /cLuis Javier Villegas Botero. aSantafé de Bogotá, Colombia :bColcultura,c1996. axxv, 169 p. :bil. ;c21 cm. aPremios nacionales de cultura, 1995 aAdaptación de la tesis (Maestría) - Universidad Nacional de Colombia. aIncluye referencias bibliográficas: (p. 161-169).10aBERRÍO, PEDRO JUSTO,d1827-1875.915979 0aAntioquia (Colombia : Departamento{Rpara}xPolítica Y Gobierno915980 001052708MOaGRbGRcCTd2009-08-20iLF1l0o320.9861 V732vp5648-10r2020-06-25w2020-06-25y2ZPréstamo interno c5447d5447